000 00326nam a2200133Ia 4500
005 20251222144642.0
008 251222s9999||||xx |||||||||||||| ||spa||
020 _a84-206-8005-2
082 _a155.4/D55
100 _aDelval, Juan
245 0 _aLecturas de psicología del niño
264 _bAlianza Editorial
942 _cLIB
999 _c16728
_d16728